000 00846nam a2200217Ia 4500
003 GCL
008 140319s9999 xx 000 0 ara d
040 _aGCL /
_cGCL
082 0 4 _a301.961
_bك ج
100 1 _aكمال السيد ابو مصطفى
245 1 0 _aجوانب من الحياة الاجتماعية والاقتصادية والدينية والعلمية فى المغرب الاسلامى من خلال نوازل وفتاوى المعيار المعرب للونشريسى /
_cكمال السيد ابو مصطفى
300 _a140 ص
490 _a
650 0 4 _aالعادات والتقاليد
650 0 4 _aالمغرب
650 0 4 _aالثقافة
650 0 4 _aالجوانب الاجتماعية
650 0 4 _aالجوانب الاقتصادية
650 0 4 _aالجوانب الدينية
942 _2ddc
_cBK
999 _c39162
_d39162